[Event "23rd ETCC Open 2021"]
[Site "Catez"]
[Date "2021.11.18"]
[Round "6.71"]
[White "Lazov, Toni"]
[Black "Nemeth, Zalan"]
[Result "1/2-1/2"]
[WhiteElo "2393"]
[BlackElo "2163"]
[Annotator "ChessBase"]
[PlyCount "157"]
[EventDate "2021.11.08"]
[EventType "team-tourn"]
[EventCountry "SLO"]
[SourceTitle "playchess.com"]
[Source "ChessBase"]
[SourceQuality "1"]
[WhiteTeam "Macedonia"]
[BlackTeam "Ireland"]
[WhiteTeamCountry "MKD"]
[BlackTeamCountry "IRL"]
[TimeControl "40/5400+30:1800+30"]

1. e4 b6 2. d4 Bb7 3. Bd3 e6 4. Nf3 d5 5. e5 c5 6. c3 Qd7 7. h4 Ba6 8. Bxa6
Nxa6 9. h5 h6 10. Qe2 Nc7 11. O-O Ne7 12. Na3 Nc6 13. Nc2 c4 14. Nh2 O-O-O 15.
b3 Na5 16. Ne3 cxb3 17. axb3 Nxb3 18. Rxa7 Na5 19. Qb2 Qc6 20. Bd2 Nc4 21. Nxc4
dxc4 22. Ng4 Be7 23. Ne3 b5 24. Rfa1 Bg5 25. Nf1 Be7 26. Ne3 Bg5 27. Nf1 Be7
28. Rxc7+ Qxc7 29. Qxb5 Qb7 30. Qxc4+ Kd7 31. Qd3 Ra8 32. Rb1 Qa6 33. Qf3 Rhb8
34. Re1 Ke8 35. d5 Qb7 36. c4 Ra6 37. Qg4 exd5 38. cxd5 Qxd5 39. Qxg7 Bf8 40.
Qg4 Qd7 41. Qf4 Rb2 42. Be3 Rb4 43. Qf3 Qg4 44. Qd5 Qd7 45. Qf3 Qg4 46. Qxg4
Rxg4 47. Rc1 Kd7 48. f4 f6 49. exf6 Rxf6 50. Kf2 Rh4 51. Ng3 Bd6 52. Ne4 Re6
53. Nc5+ Bxc5 54. Rxc5 Rg4 55. Ra5 Ke7 56. Kf3 Rg8 57. Ra7+ Kd6 58. f5 Rxe3+
59. Kxe3 Rxg2 60. Kf4 Rf2+ 61. Ke4 Re2+ 62. Kf3 Rb2 63. f6 Ke6 64. f7 Rb8 65.
Kg4 Rb4+ 66. Kg3 Rb3+ 67. Kf4 Rb4+ 68. Kf3 Rb3+ 69. Ke4 Rb4+ 70. Ke3 Rb3+ 71.
Kd4 Rb4+ 72. Kc3 Rf4 73. Ra6+ Kxf7 74. Rxh6 Kg7 75. Rd6 Rf5 76. h6+ Kh7 77. Kd4
Rh5 78. Ke4 Rxh6 79. Rxh6+ 1/2-1/2

[Event "23rd ETCC Open 2021"]
[Site "Catez"]
[Date "2021.11.18"]
[Round "6.72"]
[White "Kanyamarala, Trisha"]
[Black "Risteski, Emil"]
[Result "1/2-1/2"]
[WhiteElo "2089"]
[BlackElo "2315"]
[Annotator "NA"]
[PlyCount "83"]
[EventDate "2021.11.08"]
[EventType "team-tourn"]
[EventCountry "SLO"]
[SourceTitle "playchess.com"]
[Source "ChessBase"]
[SourceQuality "1"]
[WhiteTeam "Ireland"]
[BlackTeam "Macedonia"]
[WhiteTeamCountry "IRL"]
[BlackTeamCountry "MKD"]
[TimeControl "40/5400+30:1800+30"]

1. d4 Nf6 2. c4 g6 3. Nc3 Bg7 4. e4 d6 5. Nf3 O-O 6. Be2 e5 7. d5 Na6 8. Nd2
Bd7 9. g4 c6 10. h4 cxd5 11. cxd5 Qc8 12. g5 Nh5 13. Bxh5 gxh5 14. Nf1 f5 15.
gxf6 Rxf6 16. Bg5 Bg4 17. Qd2 Rf7 18. Ne3 Nc5 19. Rg1 a5 20. Nxg4 hxg4 21. h5
b5 22. Qe2 b4 23. Nd1 h6 24. Bc1 Kh7 25. Ne3 Qa6 26. Nc4 Nd7 27. Rxg4 Rc8 28.
b3 a4 29. Rb1 axb3 30. axb3 Nc5 31. Bd2 Nxb3 32. Nxd6 Qxd6 33. Rxb3 Ra7 34. Rb1
b3 35. Rg6 Qa3 36. Qg4 b2 37. Qxc8 Qd3 38. Rxg7+ Rxg7 39. Qf5+ Kg8 40. Qc8+ Kh7
41. Qf5+ Kh8 42. Qf8+ 1/2-1/2

[Event "23rd ETCC Open 2021"]
[Site "Catez"]
[Date "2021.11.18"]
[Round "6.73"]
[White "Toczek, Grzegorz"]
[Black "Tate, Alan"]
[Result "1-0"]
[WhiteElo "2296"]
[BlackElo "2342"]
[Annotator "NA"]
[PlyCount "81"]
[EventDate "2021.11.08"]
[EventType "team-tourn"]
[EventCountry "SLO"]
[SourceTitle "playchess.com"]
[Source "ChessBase"]
[SourceQuality "1"]
[WhiteTeam "Wales"]
[BlackTeam "Scotland"]
[WhiteTeamCountry "WLS"]
[BlackTeamCountry "SCO"]
[TimeControl "40/5400+30:1800+30"]

1. e4 e5 2. Nf3 Nc6 3. d4 exd4 4. Bc4 Nf6 5. e5 d5 6. Bb5 Ne4 7. Nxd4 Bd7 8.
Bxc6 bxc6 9. O-O Bc5 10. f3 Ng5 11. Be3 Ne6 12. c3 Bb6 13. f4 c5 14. Nxe6 fxe6
15. f5 exf5 16. Qxd5 Bb5 17. Qe6+ Qe7 18. Qxe7+ Kxe7 19. Rxf5 Rad8 20. Na3 Rd3
21. Rf3 Ba6 22. Nc2 Ke6 23. Rg3 Rhd8 24. Rxg7 Rd1+ 25. Rxd1 Rxd1+ 26. Kf2 Rf1+
27. Kg3 Bd3 28. Na3 Kxe5 29. Rg5+ Kf6 30. Rd5 Be4 31. Rd2 Ke6 32. Bf4 Kf5 33.
Rd7 Rg1 34. Rd2 Rf1 35. Be3 Ke6 36. Nc4 Bd5 37. b3 c6 38. Bf4 Bd8 39. Ne3 Bh4+
40. Kg4 Be4 41. Nxf1 1-0

[Event "23rd ETCC Open 2021"]
[Site "Catez"]
[Date "2021.11.18"]
[Round "6.74"]
[White "Bremner, Adam"]
[Black "Pleasants, Allan J"]
[Result "1/2-1/2"]
[WhiteElo "2204"]
[BlackElo "2001"]
[Annotator "ChessBase"]
[PlyCount "117"]
[EventDate "2021.11.08"]
[EventType "team-tourn"]
[EventCountry "SLO"]
[SourceTitle "playchess.com"]
[Source "ChessBase"]
[SourceQuality "1"]
[WhiteTeam "Scotland"]
[BlackTeam "Wales"]
[WhiteTeamCountry "SCO"]
[BlackTeamCountry "WLS"]
[TimeControl "40/5400+30:1800+30"]

1. d4 g6 2. c4 Bg7 3. Nc3 d6 4. e4 Nf6 5. Nf3 O-O 6. Be2 c6 7. O-O Nbd7 8. Qc2
Qc7 9. h3 e5 10. d5 c5 11. a3 Qd8 12. b4 Nh5 13. g3 h6 14. Kh2 Nhf6 15. Be3 Ne8
16. Nh4 b6 17. Bd3 Ndf6 18. Rg1 Nh7 19. Kg2 Kh8 20. Rh1 Nef6 21. Rab1 Ng8 22.
Qd2 Bd7 23. Nb5 Qe7 24. a4 h5 25. Nf3 f5 26. Nh4 Rf6 27. exf5 gxf5 28. Bg5 Nxg5
29. Qxg5 Qf7 30. Be2 Be8 31. Qd2 Bh6 32. f4 Qe7 33. Bd3 exf4 34. gxf4 Bd7 35.
Rbe1 Qf7 36. Kh2 a6 37. Nc7 Ra7 38. Ne6 Bxe6 39. dxe6 Rxe6 40. Nxf5 Rf6 41.
Nxh6 Nxh6 42. Rhf1 Re7 43. Rxe7 Qxe7 44. bxc5 dxc5 45. Bc2 Rd6 46. Qg2 Qe3 47.
Rf2 Rd8 48. Rf3 Qd2 49. Rf2 Qe3 50. Qg3 Qxg3+ 51. Kxg3 Kg7 52. Kh4 Kf6 53. Rg2
Nf5+ 54. Bxf5 Kxf5 55. Rg5+ Kxf4 56. Rg6 Rb8 57. Rc6 a5 58. Re6 Rb7 59. Kxh5
1/2-1/2

[Event "23rd ETCC Open 2021"]
[Site "Catez"]
[Date "2021.11.18"]
[Round "6.75"]
[White "Garcia, Jason"]
[Black "Muir, Andrew J"]
[Result "1/2-1/2"]
[WhiteElo "2028"]
[BlackElo "2254"]
[Annotator "NA"]
[PlyCount "53"]
[EventDate "2021.11.08"]
[EventType "team-tourn"]
[EventCountry "SLO"]
[SourceTitle "playchess.com"]
[Source "ChessBase"]
[SourceQuality "1"]
[WhiteTeam "Wales"]
[BlackTeam "Scotland"]
[WhiteTeamCountry "WLS"]
[BlackTeamCountry "SCO"]
[TimeControl "40/5400+30:1800+30"]

1. Nf3 d5 2. g3 Nf6 3. Bg2 e6 4. O-O Be7 5. c4 O-O 6. b3 c5 7. e3 Nc6 8. Bb2 d4
9. exd4 cxd4 10. Re1 Ne8 11. Ne5 Nxe5 12. Rxe5 f6 13. Re1 e5 14. d3 Nc7 15. Ba3
Rb8 16. Bxe7 Qxe7 17. f4 Bf5 18. Nd2 Rfe8 19. fxe5 fxe5 20. Be4 Bd7 21. Qh5 g6
22. Qh6 b6 23. Nf3 Qg7 24. Qg5 Qe7 25. Qh6 Qg7 26. Qg5 Qe7 27. Qh6 1/2-1/2

[Event "23rd ETCC Open 2021"]
[Site "Catez"]
[Date "2021.11.18"]
[Round "6.76"]
[White "Gordon, Frederick"]
[Black "Davis, Lee"]
[Result "1-0"]
[WhiteElo "1739"]
[BlackElo "1972"]
[Annotator "NA"]
[PlyCount "57"]
[EventDate "2021.11.08"]
[EventType "team-tourn"]
[EventCountry "SLO"]
[SourceTitle "playchess.com"]
[Source "ChessBase"]
[SourceQuality "1"]
[WhiteTeam "Scotland"]
[BlackTeam "Wales"]
[WhiteTeamCountry "SCO"]
[BlackTeamCountry "WLS"]
[TimeControl "40/5400+30:1800+30"]

1. e4 c6 2. Nf3 d5 3. Nc3 Bg4 4. h3 Bxf3 5. Qxf3 e6 6. Be2 Nd7 7. d4 dxe4 8.
Nxe4 Ngf6 9. O-O Nxe4 10. Qxe4 Nf6 11. Qd3 Be7 12. c3 O-O 13. Bf4 Bd6 14. Bg5
h6 15. Bh4 Be7 16. f4 Nd5 17. Bg3 Bd6 18. c4 Nf6 19. Bh4 Be7 20. f5 Qd7 21.
fxe6 Qxe6 22. Rae1 Qd7 23. Bg4 Qd8 24. Bd1 Nd5 25. Bc2 g6 26. Re6 Qe8 27. Rxe7
Nxe7 28. Bf6 Qd7 29. Qe3 1-0

[Event "23rd ETCC Open 2021"]
[Site "Catez"]
[Date "2021.11.19"]
[Round "7.1"]
[White "Volokitin, Andrei"]
[Black "Grischuk, Alexander"]
[Result "1/2-1/2"]
[WhiteElo "2656"]
[BlackElo "2773"]
[Annotator "TA"]
[PlyCount "60"]
[EventDate "2021.11.08"]
[EventType "team-tourn"]
[EventCountry "SLO"]
[SourceTitle "playchess.com"]
[Source "ChessBase"]
[SourceQuality "1"]
[WhiteTeam "Ukraine"]
[BlackTeam "Russia"]
[WhiteTeamCountry "UKR"]
[BlackTeamCountry "RUS"]

{[%evp 20,60,21,14,16,0,33,12,22,25,14,21,40,25,21,27,18,11,11,10,11,18,25,23,
38,40,41,40,38,26,18,17,25,25,17,0,0,0,20,0,0,0,18]} 1. e4 e6 2. d4 d5 3. Nc3
Nf6 4. e5 Nfd7 5. f4 c5 6. Nf3 Nc6 7. Be3 cxd4 8. Nxd4 Qb6 9. Qd2 Qxb2 10. Rb1
Qa3 11. Bb5 $1 Nxd4 {C11: French: Classical System: 4 e5 and 4 Bg5 dxe4.} 12.
Bxd4 ({Much worse is} 12. Qxd4 a6 $17) 12... a6 13. Bxd7+ Bxd7 14. Rb3 Qe7 15.
Rxb7 Qh4+ 16. Bf2 {16.g3 is the fancy move.} Qd8 17. Bb6 Qc8 18. Rc7 Qd8 19.
Qd4 Ba3 20. Nb1 Be7 21. c4 O-O 22. cxd5 exd5 23. Nc3 ({But not} 23. Qxd5 Bf5
$15) 23... Rc8 24. Rxc8 (24. Nxd5 {looks sharper.} Bh4+ 25. g3 Be6 26. Rxc8
Qxc8 27. O-O) 24... Qxc8 25. O-O Qc6 26. Nxd5 Ba3 {[#]} 27. Rf3 $5 $146 {
[%mdl 8] [#] Rc3 is the strong threat.The position is equal. An interesting
novelty.} ({Predecessor:} 27. Ne3 Rb8 28. Ba7 Rb7 29. Qd3 Qa4 30. Bd4 Bb5 31.
Qc3 Bf8 32. Rd1 Rd7 33. Rd2 h6 34. Nf5 Bb4 35. Nxh6+ gxh6 36. Qc8+ Bf8 37. Bc5
Qxf4 38. Qxf8+ Kh7 {0-1 (38) Kulaots,K (2548)-Martinovic,S (2548) Krasnaya
Polyana 2021}) 27... Qc1+ 28. Rf1 Qc6 29. Rf3 {Threatens to win with Rc3.} Qc1+
30. Rf1 Qc6 {Weighted Error Value: White=0.04/Black=0.04} 1/2-1/2

[Event "23rd ETCC Open 2021"]
[Site "Catez"]
[Date "2021.11.19"]
[Round "7.2"]
[White "Dubov, Daniil"]
[Black "Kuzubov, Yuriy"]
[Result "1/2-1/2"]
[WhiteElo "2714"]
[BlackElo "2637"]
[Annotator "TA"]
[PlyCount "78"]
[EventDate "2021.11.08"]
[EventType "team-tourn"]
[EventCountry "SLO"]
[SourceTitle "playchess.com"]
[Source "ChessBase"]
[SourceQuality "1"]
[WhiteTeam "Russia"]
[BlackTeam "Ukraine"]
[WhiteTeamCountry "RUS"]
[BlackTeamCountry "UKR"]

{[%evp 9,78,0,11,5,32,2,17,18,14,16,12,4,8,10,17,22,14,19,24,24,24,21,23,23,21,
25,23,21,21,20,22,6,8,14,14,12,13,6,6,6,6,6,6,4,7,7,7,8,8,8,12,0,0,0,0,0,8,0,0,
0,0,0,0,0,0,0,0,0,0,0,0]} 1. d4 Nf6 2. c4 e6 3. Nf3 d5 4. Nc3 Nbd7 5. Qc2 c5 6.
cxd5 {D37: Queen's Gambit Declined: 5 Bf4.} Nxd5 7. g3 {[#]} cxd4 $146 ({
Predecessor:} 7... Nb4 8. Qd1 cxd4 9. Nxd4 Nf6 10. Ndb5 Nbd5 11. Bg2 a6 12. Nd4
Bb4 13. Bd2 O-O {1-0 (40) Rahman,Z (2520)-Bhogal,R (1705) Mumbai 2012}) 8. Nxd5
{[#] Nc7+ is the strong threat.} Qa5+ 9. Qd2 Qxd5 10. Qxd4 Qxd4 11. Nxd4 Bb4+
12. Bd2 Bxd2+ 13. Kxd2 Ke7 14. Bg2 Rd8 {Strongly threatening ...Nb6.} 15. Rhd1
Nf6 16. Ke1 $1 Bd7 17. Nb3 Rab8 18. Rac1 Ne8 {The position is equal.} 19. f4 b6
20. Nd4 Rbc8 21. Bc6 Nd6 22. e4 f6 23. Bxd7 Rxc1 24. Rxc1 Rxd7 $11 {[%mdl 4096]
Endgame KRN-KRN} 25. e5 Nf7 26. Nc6+ Ke8 27. exf6 gxf6 28. Ke2 Rc7 {[#] aiming
for ...Nd8.} 29. Rc2 e5 30. fxe5 Nxe5 31. Nd4 Rxc2+ 32. Nxc2 {KN-KN} Kd7 33.
Nd4 a6 34. Nf3 Ke6 35. Nxe5 Kxe5 36. Ke3 b5 37. b4 Kd5 {White must now prevent
...Kc4.} 38. Kd3 Ke5 39. Ke3 Kd5 {Not much happened in this game.  Weighted
Error Value: White=0.02/Black=0.02} 1/2-1/2

[Event "23rd ETCC Open 2021"]
[Site "Catez"]
[Date "2021.11.19"]
[Round "7.3"]
[White "Shevchenko, Kirill"]
[Black "Alekseenko, Kirill"]
[Result "1-0"]
[WhiteElo "2647"]
[BlackElo "2710"]
[Annotator "TA"]
[PlyCount "59"]
[EventDate "2021.11.08"]
[EventType "team-tourn"]
[EventCountry "SLO"]
[SourceTitle "playchess.com"]
[Source "ChessBase"]
[SourceQuality "1"]
[WhiteTeam "Ukraine"]
[BlackTeam "Russia"]
[WhiteTeamCountry "UKR"]
[BlackTeamCountry "RUS"]

{[%evp 9,59,16,18,0,26,27,16,18,17,32,25,0,25,0,6,0,0,-8,21,29,58,75,85,0,82,
-31,71,47,112,85,110,68,110,110,319,314,293,212,428,429,420,353,605,585,566,
600,612,611,620,614,617,585]} 1. c4 e5 2. Nc3 Bb4 3. Nd5 a5 4. a3 Bc5 5. Nf3 d6
6. e3 {A21: English Opening: 1...e5 2 Nc3.} Nd7 7. d4 Ba7 8. Be2 {The position
is equal.} c6 9. Nc3 Ngf6 10. g4 {[#]} O-O $146 ({Predecessor:} 10... Nxg4 11.
Rg1 Nf8 12. dxe5 Ng6 13. Qxd6 Bd7 14. Ne4 Bb8 15. Qc5 N4xe5 16. Nxe5 Nxe5 17.
Rxg7 {1/2-1/2 (89) Shevchenko,K (2633)-Ivanisevic,I (2582) Struga 2021}) 11. g5
$36 {[%mdl 2048] White has some pressure.} Ne8 12. Qc2 Nc7 13. h4 Qe7 14. Bd2
b5 15. dxe5 dxe5 16. Bd3 ({White should try} 16. h5 $16) 16... bxc4 (16... f5
$1 $11 {keeps the balance.}) 17. Bxc4 (17. Bxh7+ $16 Kh8 {[#]} 18. Ne4 $1)
17... Ba6 (17... Nc5 $1 $15 {stays ahead.}) 18. Ne4 $16 Bxc4 (18... Nc5 $14)
19. Qxc4 Ne6 20. O-O-O Nb6 21. Qc2 ({But not} 21. Qxc6 $2 Rfc8 $19) 21... f5 $2
{[#] This costs Black the game.} (21... Nd7 $16) 22. gxf6 $1 $18 gxf6 23. Bc3 (
23. Bxa5 Nd5 $16) 23... Bb8 $2 (23... Nd5 24. Rhg1+ (24. Bxa5 Kh8 $16) 24...
Ng7) 24. h5 Nd5 25. Nh4 f5 $2 (25... Ra7 26. Nf5 Qb7 27. Rdg1+ Kh8) 26. Rdg1+ {
White is clearly winning.} Kh8 27. Ng3 Nxc3 28. Qxc3 Qc5 29. Qxc5 Nxc5 30.
Ngxf5 {Weighted Error Value: White=0.22/Black=0.47} 1-0

[Event "23rd ETCC Open 2021"]
[Site "Catez"]
[Date "2021.11.19"]
[Round "7.4"]
[White "Artemiev, Vladislav"]
[Black "Onyshchuk, Volodymyr"]
[Result "1/2-1/2"]
[WhiteElo "2699"]
[BlackElo "2622"]
[Annotator "TA"]
[PlyCount "46"]
[EventDate "2021.11.08"]
[EventType "team-tourn"]
[EventCountry "SLO"]
[SourceTitle "playchess.com"]
[Source "ChessBase"]
[SourceQuality "1"]
[WhiteTeam "Russia"]
[BlackTeam "Ukraine"]
[WhiteTeamCountry "RUS"]
[BlackTeamCountry "UKR"]

{[%evp 12,46,18,23,21,20,30,10,12,14,20,0,29,0,0,3,37,34,46,29,93,97,97,95,97,
0,-18,-18,0,0,0,0,0,0,0,0,0]} 1. d4 Nf6 2. Nf3 g6 3. g3 Bg7 4. Bg2 O-O 5. O-O
d6 6. Nc3 Nbd7 7. a4 a5 {A49: 1 d4 Nf6 2 Nf3 g6 3 g3: Anti-King's Indian
systems.} 8. b3 Re8 9. Bb2 {[#]} c6 $146 ({Predecessor:} 9... e5 10. dxe5 dxe5
11. e4 Qe7 12. Re1 c6 13. Qd2 Nf8 14. Rad1 Bg4 15. Qd6 Bxf3 16. Bxf3 {0-1 (24)
Perasin,M (1888)-Zuberec,M (2081) Tatranske Matliare 2008}) 10. e4 e5 11. Qd2
Qb6 12. Rfe1 exd4 13. Nxd4 Ne5 14. Kh1 h5 15. h3 h4 {[#]} (15... Nfd7 $11 {
keeps the balance.}) 16. g4 $1 $16 Nfxg4 17. hxg4 Bxg4 {aiming for ...h3.} 18.
Re3 ({White should play} 18. f3 $16 Bd7 19. Red1) 18... Bh6 $11 {The position
is equal.} 19. Rg1 $1 Qc5 20. Bf1 Bf3+ 21. Bg2 (21. Nxf3 $2 Nxf3 22. Qe2 Nxg1
$19) 21... Bg4 ({But not} 21... Bxe3 $6 22. Qxe3 Bg4 23. Nce2 $16) 22. Bf1 Bf3+
23. Bg2 ({Don't go for} 23. Nxf3 $2 Nxf3 24. Qe2 Nxg1 $19) 23... Bg4 {Weighted
Error Value: White=0.11/Black=0.10} ({Reject} 23... Bxe3 $6 24. Qxe3 Bg4 25.
Nce2 $16) 1/2-1/2

[Event "23rd ETCC Open 2021"]
[Site "Catez"]
[Date "2021.11.19"]
[Round "7.5"]
[White "Giri, Anish"]
[Black "Mamedyarov, Shakhriyar"]
[Result "1/2-1/2"]
[WhiteElo "2774"]
[BlackElo "2765"]
[Annotator "TA"]
[PlyCount "73"]
[EventDate "2021.11.08"]
[EventType "team-tourn"]
[EventCountry "SLO"]
[SourceTitle "playchess.com"]
[Source "ChessBase"]
[SourceQuality "1"]
[WhiteTeam "Netherlands"]
[BlackTeam "Azerbaijan"]
[WhiteTeamCountry "NED"]
[BlackTeamCountry "AZE"]

{[%evp 12,73,6,20,32,23,22,12,38,44,43,39,39,38,36,29,33,31,33,27,28,32,31,26,
58,48,54,47,45,16,5,12,34,17,18,15,26,0,8,0,11,12,24,2,68,71,41,50,50,0,0,0,0,
0,0,0,0,0,0,0,0,0,0,0]} 1. e4 e5 2. Nf3 Nc6 3. Bc4 Bc5 4. O-O Nf6 5. d3 O-O 6.
Bg5 h6 7. Bh4 Be7 {The modern move. C50: Hungarian Defence and Giuoco
Pianissimo.} 8. Bg3 d6 9. a4 g6 10. h3 Kg7 {[#]} 11. a5 $146 ({Predecessor:} 
11. Re1 Na5 12. Ba2 c5 13. c3 Be6 14. Bxe6 fxe6 15. d4 exd4 16. cxd4 Nc6 17.
dxc5 dxc5 {1-0 (30) Supi,L (2570)-Gustafsson,J (2640) chess24.com INT 2020})
11... a6 12. Nc3 Be6 13. Bxe6 fxe6 14. d4 Nh5 15. Bh2 {[%cal Rd4e5]} exd4 16.
Nxd4 Qd7 17. f4 Nxd4 18. Qxd4+ Kh7 19. Qd3 Rf7 20. Rf3 Raf8 {[%cal Rh5f4]} 21.
Raf1 Ng7 22. g4 c6 23. Ne2 d5 24. c4 dxe4 25. Qxe4 Qd2 26. Kh1 Qxa5 27. Nc1 Bf6
(27... Bd6 $11) 28. Nd3 $1 $14 Rd7 {With the idea ...Rd4.} 29. Bg1 Rfd8 30. Ne5
Bxe5 {The position is equal.} 31. fxe5 {Strongly threatening Rf6.} Rd1 32. Rf6
Rxf1 33. Qxg6+ {[%mdl 64] [#] Double Attack} Kg8 $1 34. Qf7+ {[%mdl 64] Double
Attack} Kh7 35. Qg6+ {[%mdl 64] Double Attack} Kg8 $1 {( -> ...Rxg1+)} 36. Qf7+
{[%mdl 64] Double Attack} Kh7 37. Qg6+ {[%mdl 64] Double Attack.  Weighted
Error Value: White=0.06/Black=0.08} 1/2-1/2

[Event "23rd ETCC Open 2021"]
[Site "Catez"]
[Date "2021.11.19"]
[Round "7.6"]
[White "Radjabov, Teimour"]
[Black "Van Foreest, Jorden"]
[Result "1/2-1/2"]
[WhiteElo "2763"]
[BlackElo "2701"]
[Annotator "TA"]
[PlyCount "59"]
[EventDate "2021.11.08"]
[EventType "team-tourn"]
[EventCountry "SLO"]
[SourceTitle "playchess.com"]
[Source "ChessBase"]
[SourceQuality "1"]
[WhiteTeam "Azerbaijan"]
[BlackTeam "Netherlands"]
[WhiteTeamCountry "AZE"]
[BlackTeamCountry "NED"]

{[%evp 11,59,32,25,24,33,-5,25,27,44,17,29,14,21,16,9,9,19,9,9,17,17,10,10,10,
9,9,7,8,9,4,14,10,13,8,10,5,6,0,0,0,0,0,0,0,0,0,0,0,0,0]} 1. Nf3 d5 2. d4 Nf6
3. c4 e6 4. Nc3 c5 5. cxd5 cxd4 6. Qxd4 exd5 7. e4 {[%cal Re4d5] D41: Queen's
Gambit Declined: Semi-Tarrasch with 5 cxd5.} dxe4 $1 {[%mdl 4] now scores much
better than the old 7...Nc6.} 8. Qxd8+ Kxd8 9. Ng5 {White has an edge.} Be6 10.
Bd2 {[#]} Bb4 $146 ({Predecessor:} 10... Nc6 11. Nxe6+ fxe6 12. Rd1 Ke7 13. Bb5
Nd4 14. Ba4 e5 15. O-O a6 16. Rde1 b5 {0-1 (57) Rajkovic,D (2215)-Nonkovic,B 
(2061) Belgrade 2014}) 11. Nxe6+ (11. g3 {is more complex.} Ke7 12. a3 Bxc3 13.
Bxc3 Bd5 14. Bg2) 11... fxe6 {The position is equal.} 12. Nxe4 Bxd2+ 13. Nxd2
Nc6 14. Rc1 Rc8 15. Bb5 Nd4 {[%cal Rc8c1] [#]} 16. Rxc8+ Kxc8 17. Bd3 Kd7 18.
Ne4 Nxe4 19. Bxe4 $11 {[%mdl 4096] Endgame KRB-KRN} Nf5 20. Ke2 Nd6 21. Bd3 h6
22. h4 Rc8 23. g4 Rc5 24. f4 e5 25. fxe5 Rxe5+ 26. Kf3 Rd5 27. Ke3 Re5+ 28. Kf3
Rd5 29. Ke3 Re5+ 30. Kf3 {Weighted Error Value: White=0.04/Black=0.01} 1/2-1/2

[Event "23rd ETCC Open 2021"]
[Site "Catez"]
[Date "2021.11.19"]
[Round "7.7"]
[White "Warmerdam, Max"]
[Black "Guseinov, Gadir"]
[Result "1/2-1/2"]
[WhiteElo "2608"]
[BlackElo "2665"]
[Annotator "TA"]
[PlyCount "111"]
[EventDate "2021.11.08"]
[EventType "team-tourn"]
[EventCountry "SLO"]
[SourceTitle "playchess.com"]
[Source "ChessBase"]
[SourceQuality "1"]
[WhiteTeam "Netherlands"]
[BlackTeam "Azerbaijan"]
[WhiteTeamCountry "NED"]
[BlackTeamCountry "AZE"]

{[%evp 13,111,29,28,0,23,28,27,0,35,25,41,37,30,0,58,49,65,31,109,97,106,26,
110,105,118,115,118,114,142,100,85,101,109,111,103,95,129,56,71,0,0,0,0,0,0,0,
0,0,0,0,0,0,0,0,0,0,0,0,0,0,0,0,0,0,116,123,182,168,164,150,179,180,163,121,
343,332,270,0,0,0,0,0,0,0,0,0,0,0,0,0,0,0,0,0,0,0,0,0,-28000,-28000]} 1. e4 c5
2. Nf3 d6 3. d4 cxd4 4. Nxd4 Nf6 5. Nc3 Nc6 6. Bg5 e6 7. Bb5 Bd7 8. Qd3 $1 {
[%mdl 4] outshines the older 8.Bxc6. B62: Sicilian: Richter-Rauzer: 6...e6:
Unusual White 7th moves.} h6 9. Bh4 g5 10. Bg3 {White has an edge.} (10. Bxc6
$5 bxc6 11. Bg3 $11) 10... Nh5 11. O-O-O Nxg3 12. hxg3 Qb6 {[#]} 13. Kb1 $146 (
{Predecessor:} 13. Bxc6 bxc6 14. f4 gxf4 15. gxf4 Rg8 16. g3 O-O-O 17. Nb3 c5
18. Rd2 Kb8 19. Rhd1 {1-0 (38) Sychev,K (2563)-Soumya,S (2369) Moscow 2020})
13... a6 ({Black should try} 13... Nxd4 $11 14. Qxd4 Qxd4 15. Rxd4 Rd8) 14.
Bxc6 $14 bxc6 15. Nf3 Be7 {[#]} (15... c5 $14) 16. Ne5 $1 $16 {[%mdl 512]} dxe5
17. Qxd7+ Kf8 {With the idea ...Rd8.} 18. Na4 $1 {[%cal Ra4b6]} Qb5 19. b3 Rb8
20. Nb2 Ba3 21. Qd3 Bxb2 22. Kxb2 Qxd3 23. Rxd3 {[%mdl 4096] Endgame KRR-KRR} (
23. cxd3 Rd8 $14) 23... Ke7 24. g4 Rbd8 25. Rc3 (25. Rxd8 $16 Kxd8 26. f3)
25... Rd2 26. Rxc6 (26. f3 $16) 26... Rxf2 $11 27. g3 a5 28. a4 Kf6 29. Rc5 Rf3
30. Rxa5 Rxg3 31. Rb5 Rxg4 32. a5 {a6 is the strong threat.} Rxe4 33. a6 Ra8 $1
{[%cal Ra8a6]} 34. Ra1 {Hoping for a7.} Rd4 $1 35. Rb7 g4 36. a7 {Black must
now prevent Rb8.} Rdd8 37. Rf1+ Kg5 38. Rbxf7 h5 (38... Rg8 $1 $11) 39. b4 $1
$16 {[%mdl 1024] White has strong compensation.} h4 (39... Rg8 $16 {might work
better.}) 40. Rg7+ $18 Kh5 41. Re1 $1 Rd4 {[#]} 42. c3 {[%cal Rc3d4]} ({
Don't take} 42. Rxe5+ $6 Kh6 $16) 42... Rd2+ 43. Kb3 h3 $2 (43... g3 $16 {
was worth a try.}) 44. Rxe5+ Kh4 {[#]} 45. Rxe6 $2 (45. Re4 $1 $18 {[%cal
Re4g4]} Kh5 46. Rgxg4) 45... h2 $1 $11 46. Rh6+ Kg3 47. b5 {aiming for b6.} Rd6
{[%cal Rd6h6]} 48. Rhh7 ({Reject} 48. Rxd6 h1=Q $17) 48... Rd1 49. Kc4 {
Strongly threatening b6.} ({Don't play} 49. Rxh2 Kxh2 50. Kc2 Rd6 $17) 49...
h1=Q 50. Rxh1 Rxh1 51. b6 {Threatens to win with b7.} Ra1 52. Kc5 $2 {[%mdl
8192]} (52. Rf7 $11) 52... Kf3 53. c4 g3 54. b7 R1xa7 55. bxa8=Q+ Rxa8 56. Kb6
{[%mdl 32768] Quite a comeback for Black.  Weighted Error Value: White=0.11/
Black=0.16. An unexpected result.} 1/2-1/2